000 00337nam a2200145Ia 4500
005 20251222153626.0
008 251222s9999||||xx |||||||||||||| ||spa||
020 _a8496158152
082 _a600/R93
100 _aRuiz Castro, Manuel
245 0 _aManual Práctico de Dolor
250 _a1ra.ed.
264 _bPBM, S.L.
942 _cLIB
999 _c32193
_d32193